The Last Shadow Puppets Lyrics - Used To Be My Girl - Statistics

General Stats
  • This quiz has been taken 37 times
    34 since last reset
  • The average score is 160 of 191
Answer Stats
Lyrics % Correct
a
100%
A
100%
Girl,
100%
girl
100%
I
100%
you
100%
your
100%
be
95%
I'm
95%
me
95%
My
95%
my
95%
snake
95%
the
95%
The
95%
to
95%
used
95%
Used
95%
boogie
91%
can
91%
fake,
91%
hate
91%
heart
91%
in
91%
like
91%
melted
91%
of
91%
on
91%
yesterday
91%
yours
91%
all
86%
fill
86%
fraud,
86%
heat
86%
love
86%
no
86%
She
86%
with
86%
and
82%
animal
82%
Black
82%
Came
82%
Darling,
82%
know
82%
liar,
82%
out
82%
pictures
82%
so
82%
up
82%
You're
82%
century
77%
cheat
77%
cheek
77%
different
77%
either
77%
First
77%
good
77%
Good
77%
impressions
77%
kiss
77%
leech,
77%
mistake
77%
one
77%
only
77%
re-entry
77%
there
77%
wanted
77%
bad
73%
bent
73%
can't
73%
Colour
73%
Don't
73%
down
73%
far
73%
-light
73%
make
73%
nothing
73%
print
73%
see
73%
shape
73%
state
73%
that
73%
This
73%
underneath
73%
-way
73%
ain't
68%
cop,
68%
cop
68%
hall
68%
heap
68%
mirror,
68%
odyssey
68%
outside
68%
routine
68%
street
68%
suddenly
68%
Two
68%
Voices
68%
Finally
64%
Gimme
64%
Left
64%
phoney,
64%
reality
64%
Became
59%
calling
55%
hard
55%
It
55%
looks
55%
kind
50%
thief
50%
world
50%
here
45%
now
45%
imaginary
36%
must
36%
slipped
36%
No matching quizzes found
Score Distribution
Percent of People with Each Score
Percentile by Number Answered
Your Score History
You have not taken this quiz since the last reset